Obnovená politika Európskej únie v cestovnom ruchu

Cestovný ruch ako súčasť Lisabonskej stratégie Európskej únie. Obnovená politika európskeho cestovného ruchu. Opatrenia na zefektívnenie cestovného ruchu. Podpora trvalo udržateľného rozvoja cestovného ruchu. Zlepšovanie vnímania a zviditeľňovanie odvetvia cestovného ruchu.

Guardado en:
Detalles Bibliográficos
Formato: Capítulo de libro
Lenguaje:eslovaco
Materias:
Etiquetas: Agregar Etiqueta
Sin Etiquetas, Sea el primero en etiquetar este registro!

MARC

LEADER 00000naa$a2200000$$$4500
001 0056031
005 20231016072759.3
041 0 |a slo 
044 |a SK 
245 1 0 |a Obnovená politika Európskej únie v cestovnom ruchu 
520 |a Cestovný ruch ako súčasť Lisabonskej stratégie Európskej únie. Obnovená politika európskeho cestovného ruchu. Opatrenia na zefektívnenie cestovného ruchu. Podpora trvalo udržateľného rozvoja cestovného ruchu. Zlepšovanie vnímania a zviditeľňovanie odvetvia cestovného ruchu. 
610 2 0 |a ruch cestovný 
610 2 0 |a rozvoj trvalo udržateľný 
610 2 0 |a rast hospodársky 
610 2 0 |a zamestnanosť 
610 2 0 |a kultúra 
610 2 0 |a ekológia 
610 2 0 |a ochrana prostredia životného 
610 2 0 |a podnikanie 
610 2 0 |a propagácia 
610 2 0 |a kooperácia 
610 2 0 |a financovanie 
610 2 0 |a projekty 
610 2 0 |a Európa 
610 2 0 |a Európska únia